Taká bola Bratislava /

Enregistré dans:
Détails bibliographiques
Auteur principal: Salner, Peter (Auteur)
Format: Livre
Langue:slovaque
Publié: Bratislava : Veda, 1991
Tags: Ajouter un tag
Pas de tags, Soyez le premier à ajouter un tag!

MARC

LEADER 00000nam a22000003a 4500
001 stu27872
005 20150617225740.8
008 950202s1991----xo------------------slo-d
020 |a 80-224-0252-4 
040 |a STU  |b slo 
041 0 |a slo 
044 |a xo 
080 |a 72(437.6-25) 
080 |a 94(437.6-25)  |7 stu_us_auth*stu13757 
100 1 |a Salner, Peter  |4 aut 
245 1 |a Taká bola Bratislava /  |c [aut]Salner,Peter a kol 
260 |a Bratislava :  |b Veda,  |c 1991 
300 |a 199 s 
996 |b 284V027066  |c V*43098/O-18566  |l VVT  |s A  |a 24  |w stu27872_0001